[Event "San Francisco TNM Summer op"]
[Site "San Francisco"]
[Date "2017.05.30"]
[Round "2"]
[White "Robertson, Terrance"]
[Black "McCarty Snead, Fianna P"]
[Result "1-0"]
[WhiteElo "1421"]
[BlackElo "1333"]
[PlyCount "47"]
[EventDate "2017.05.23"]
[EventType "swiss"]
[EventRounds "8"]
[EventCountry "USA"]
[SourceTitle "EXT 2023"]
[Source "ChessBase"]
[SourceDate "2022.10.05"]
[SourceVersion "1"]
[SourceVersionDate "2022.10.05"]
[SourceQuality "1"]

1. e4 e5 2. Nf3 Nc6 3. d4 d5 4. Nxe5 dxe4 5. Nxc6 bxc6 6. Nc3 Nf6 7. f3 exf3 8. Qxf3 Qe7+ 9. Qe2 Qxe2+ 10. Bxe2 c5 11. Be3 Rb8 12. 0-0-0 Ng4 13. Bxg4 Bxg4 14. Rd2 Be7 15. dxc5 0-0 16. h3 Bf5 17. Rhd1 Rfe8 18. Nd5 Bd8 19. Bf4 Be4 20. Nxc7 Bxc7 21. Bxc7 Rbc8 22. Bd6 Bf5 23. b4 Rc6 24. b5 1-0

[Event "San Francisco TNM Winter op"]
[Site "San Francisco"]
[Date "2017.01.17"]
[Round "3"]
[White "McCarty Snead, Fianna P"]
[Black "Donaldson, Kyle Garrett"]
[Result "1-0"]
[WhiteElo "1299"]
[BlackElo "1464"]
[PlyCount "37"]
[EventDate "2017.01.03"]
[EventType "swiss"]
[EventRounds "8"]
[EventCountry "USA"]
[SourceTitle "EXT 2018"]
[Source "ChessBase"]
[SourceDate "2017.10.13"]
[SourceVersion "1"]
[SourceVersionDate "2017.10.13"]
[SourceQuality "1"]

1. e4 d5 2. exd5 Nf6 3. Nc3 Nxd5 4. Nxd5 Qxd5 5. Nf3 e5 6. d4 e4 7. Ng5 Be7 8. Qd2 h6 9. Nh3 Bxh3 10. gxh3 0-0 11. Rg1 Qh5 12. Qc3 f5 13. Qb3+ Kh8 14. Qxb7 Nd7 15. Qxc7 Qe8 16. Bb5 Rd8 17. Bxd7 Rxd7 18. Qe5 Qh5 19. Qxg7# 1-0

[Event "San Francisco TNM Winter op"]
[Site "San Francisco"]
[Date "2015.01.06"]
[Round "1"]
[White "McCarty Snead, Fianna P"]
[Black "Palmeri, Ralph P"]
[Result "0-1"]
[WhiteElo "588"]
[BlackElo "1708"]
[PlyCount "30"]
[EventDate "2015.01.06"]
[EventType "swiss"]
[EventRounds "8"]
[EventCountry "USA"]
[SourceTitle "EXT 2016"]
[Source "ChessBase"]
[SourceDate "2015.10.08"]
[SourceVersion "1"]
[SourceVersionDate "2015.10.08"]
[SourceQuality "1"]

1. e4 c5 2. Nf3 Nc6 3. Nc3 e6 4. Bc4 a6 5. 0-0 b5 6. Bd3 d6 7. Re1 Qc7 8. Qe2 Be7 9. Qe3 Nf6 10. Be2 0-0 11. d3 Bb7 12. Bd1 Rfd8 13. Kf1 d5 14. exd5 exd5 15. Bd2 d4 0-1

[Event "San Francisco TNM Fall op"]
[Site "San Francisco"]
[Date "2014.11.04"]
[Round "3"]
[White "McCarty Snead, Fianna P"]
[Black "Robertson, Guy"]
[Result "0-1"]
[WhiteElo "705"]
[BlackElo "1494"]
[PlyCount "30"]
[EventDate "2014.10.21"]
[EventType "swiss"]
[EventRounds "8"]
[EventCountry "USA"]
[SourceTitle "EXT 2016"]
[Source "ChessBase"]
[SourceDate "2015.10.08"]
[SourceVersion "1"]
[SourceVersionDate "2015.10.08"]
[SourceQuality "1"]

1. e4 c5 2. Nf3 d6 3. Nc3 a6 4. d3 Nc6 5. Be3 Nf6 6. d4 cxd4 7. Nxd4 g6 8. Nxc6 bxc6 9. Bd4 Bg7 10. Bc4 0-0 11. 0-0 c5 12. Bxf6 Bxf6 13. Qd5 Be6 14. Qc6 Bxc4 15. Qa4 Bxf1 0-1